MARC

LEADER 00000nam0a2200000 4500
001 93137
005 20231031105042.0
020 |a RU  |b 84-32207 
035 |a (RuTPU)RU\TPU\book\99745 
090 |a 93137 
100 |a 20060325d1984 k a0rusy5003 ca 
101 0 |a rus 
102 |a RU 
105 |a a z 001zy 
200 1 |a Эксплуатационные свойства электрооборудования  |f Г. П. Ерошенко 
210 |a Саратов  |c Изд-во Сарат. ун-та  |d 1984 
215 |a 179 с.  |c ил.  |d 20 см 
320 |a Библиография в конце книги. 
610 1 |a технико-эксплуатационные характеристики 
610 1 |a электрооборудование 
610 1 |a моделирование 
610 1 |a электроприводы 
610 1 |a электронагревательные установки 
675 |a 621.31.004  |z rus 
700 1 |a Ерошенко  |b Г. П.  |g Геннадий Петрович  |4 070 
801 0 |a RU  |b RuMRKP  |c 19950704  |g psbo 
801 1 |a RU  |b 63413507  |c 20060325  |g PSBO 
801 2 |a RU  |b 63413507  |c 20070227  |g PSBO 
942 |c BK